[Event "HUN-chT 2122"]
[Site "Hungary"]
[Date "2021.10.10"]
[Round "1.1"]
[White "Hracek, Zbynek"]
[Black "Vovk, Andrey"]
[Result "1/2-1/2"]
[WhiteElo "2564"]
[BlackElo "2597"]
[PlyCount "62"]
[EventDate "2021.10.10"]
[EventType "team-tourn"]
[EventRounds "9"]
[EventCountry "HUN"]
[SourceTitle "EXT 2023"]
[Source "ChessBase"]
[SourceDate "2022.10.05"]
[SourceVersion "1"]
[SourceVersionDate "2022.10.05"]
[SourceQuality "1"]
[WhiteTeam "Haladas"]
[BlackTeam "Kobanya Aquarena"]
[WhiteTeamCountry "HUN"]
[BlackTeamCountry "HUN"]

1. e4 e5 2. Nf3 Nf6 3. Nxe5 d6 4. Nf3 Nxe4 5. Bd3 Nf6 6. 0-0 Be7 7. c3 0-0 8. Bc2 Bg4 9. d4 Nbd7 10. Nbd2 d5 11. Re1 Bh5 12. Nf1 Bg6 13. Ng3 Bxc2 14. Qxc2 g6 15. Bg5 Re8 16. Ne5 Nxe5 17. Rxe5 h6 18. Bh4 Nd7 19. Bxe7 Rxe7 20. Ree1 Qf8 21. Qd2 Rae8 22. Rxe7 Rxe7 23. Re1 Kg7 24. Kf1 Nf6 25. Rxe7 Qxe7 26. f3 Qd6 27. Kf2 Qa6 28. a3 Qb5 29. Ne2 b6 30. Nf4 a5 31. Qe2 Qxe2+ 1/2-1/2

[Event "Kiev-Lvov Region Blitz"]
[Site "Kiev"]
[Date "2021.09.15"]
[Round "1"]
[White "Vovk, Andrey"]
[Black "Baklan, Vladimir"]
[Result "1-0"]
[WhiteElo "2597"]
[BlackElo "2589"]
[PlyCount "107"]
[EventDate "2021.09.15"]
[EventType "team-match (blitz)"]
[EventRounds "8"]
[EventCountry "UKR"]
[SourceTitle "CBM 204 Extra"]
[Source "ChessBase"]
[SourceDate "2021.11.30"]
[SourceVersion "1"]
[SourceVersionDate "2021.11.30"]
[SourceQuality "1"]
[WhiteTeam "Lvov Region"]
[BlackTeam "Kiev Region"]
[WhiteTeamCountry "UKR"]
[BlackTeamCountry "UKR"]

1. e4 e6 2. d4 d5 3. Nc3 Nf6 4. Bg5 dxe4 5. Nxe4 Nbd7 6. Nf3 h6 7. Nxf6+ Nxf6 8. Bxf6 Qxf6 9. Bb5+ c6 10. Bd3 Bd6 11. Qe2 Bd7 12. c3 c5 13. dxc5 Bxc5 14. Bb5 0-0-0 15. 0-0 Kb8 16. Rad1 Bxb5 17. Qxb5 Qf5 18. a4 a6 19. Qe2 f6 20. b4 Ba7 21. a5 g5 22. c4 e5 23. c5 Qc8 24. Nd2 Qc6 25. Ne4 Ka8 26. Nd6 Bb8 27. Nf7 Rxd1 28. Rxd1 Rf8 29. Nd6 Rd8 30. Nc4 Rxd1+ 31. Qxd1 Bc7 32. Nb6+ Bxb6 33. axb6 Qe8 34. Qd6 e4 35. c6 bxc6 36. Qc7 Qb8 37. Qxc6+ Qb7 38. Qe8+ Qb8 39. Qxe4+ Qb7 40. Qe8+ Qb8 41. Qc6+ Qb7 42. Qxf6 Qc8 43. h3 Kb7 44. g3 Qc1+ 45. Kh2 Qc2 46. Kg2 Qc4 47. Qd6 Qe4+ 48. Kg1 Qe1+ 49. Kg2 Qe4+ 50. Kf1 Qb1+ 51. Ke2 Qe4+ 52. Kd2 Qc4 53. Qc7+ Qxc7 54. bxc7 1-0

[Event "Kiev-Lvov Region Blitz"]
[Site "Kiev"]
[Date "2021.09.15"]
[Round "3"]
[White "Vovk, Andrey"]
[Black "Baklan, Vladimir"]
[Result "1-0"]
[WhiteElo "2597"]
[BlackElo "2589"]
[PlyCount "49"]
[EventDate "2021.09.15"]
[EventType "team-match (blitz)"]
[EventRounds "8"]
[EventCountry "UKR"]
[SourceTitle "CBM 204 Extra"]
[Source "ChessBase"]
[SourceDate "2021.11.30"]
[SourceVersion "1"]
[SourceVersionDate "2021.11.30"]
[SourceQuality "1"]
[WhiteTeam "Lvov Region"]
[BlackTeam "Kiev Region"]
[WhiteTeamCountry "UKR"]
[BlackTeamCountry "UKR"]

1. e4 e6 2. d4 d5 3. Nc3 Nf6 4. Bg5 dxe4 5. Nxe4 Nbd7 6. Nf3 h6 7. Nxf6+ Nxf6 8. Bxf6 Qxf6 9. Bb5+ c6 10. Bd3 Bd6 11. Qe2 0-0 12. Qe4 g6 13. 0-0 c5 14. dxc5 Bxc5 15. c3 Rd8 16. Rad1 Rb8 17. Bb5 a6 18. Qe5 Qxe5 19. Rxd8+ Kg7 20. Nxe5 axb5 21. Nd7 Be7 22. Re8 Bxd7 23. Rxb8 Bc6 24. Rd1 f5 25. Rxb7 1-0

[Event "Kiev-Lvov Region Blitz"]
[Site "Kiev"]
[Date "2021.09.15"]
[Round "8"]
[White "Vovk, Andrey"]
[Black "Vysochin, Spartak"]
[Result "1/2-1/2"]
[WhiteElo "2597"]
[BlackElo "2494"]
[PlyCount "78"]
[EventDate "2021.09.15"]
[EventType "team-match (blitz)"]
[EventRounds "8"]
[EventCountry "UKR"]
[SourceTitle "CBM 204 Extra"]
[Source "ChessBase"]
[SourceDate "2021.11.30"]
[SourceVersion "1"]
[SourceVersionDate "2021.11.30"]
[SourceQuality "1"]
[WhiteTeam "Lvov Region"]
[BlackTeam "Kiev Region"]
[WhiteTeamCountry "UKR"]
[BlackTeamCountry "UKR"]

1. e4 e6 2. d4 d5 3. Nd2 c5 4. exd5 exd5 5. Ngf3 Nc6 6. Be2 cxd4 7. 0-0 Bd6 8. Nb3 Nge7 9. Nbxd4 0-0 10. Bg5 Qb6 11. Rb1 Bg4 12. c3 a6 13. Qd2 Ng6 14. h3 Bd7 15. Nxc6 bxc6 16. c4 Bf5 17. Bd3 Be4 18. Bxe4 dxe4 19. Qxd6 exf3 20. g3 Qa5 21. c5 Qxa2 22. Qxc6 Rac8 23. Qxf3 Rxc5 24. Bd2 Ne5 25. Qe4 f5 26. Qg2 Qd5 27. Bb4 Nf3+ 28. Kh1 Rc2 29. Bxf8 Kxf8 30. b4 g5 31. Rfd1 Qe4 32. b5 axb5 33. Rxb5 g4 34. Rb3 Qe2 35. Rf1 h5 36. Re3 Qc4 37. Ree1 Nxe1 38. Rxe1 Qc6 39. Qxc6 Rxc6 1/2-1/2

[Event "Kiev-Lvov Region Rapid"]
[Site "Kiev"]
[Date "2021.09.14"]
[Round "1"]
[White "Baklan, Vladimir"]
[Black "Vovk, Andrey"]
[Result "1-0"]
[WhiteElo "2589"]
[BlackElo "2597"]
[PlyCount "129"]
[EventDate "2021.09.14"]
[EventType "team-match (rapid)"]
[EventRounds "4"]
[EventCountry "UKR"]
[SourceTitle "CBM 204 Extra"]
[Source "ChessBase"]
[SourceDate "2021.11.30"]
[SourceVersion "1"]
[SourceVersionDate "2021.11.30"]
[SourceQuality "1"]
[WhiteTeam "Kiev Region"]
[BlackTeam "Lvov Region"]
[WhiteTeamCountry "UKR"]
[BlackTeamCountry "UKR"]

1. e4 c5 2. Nf3 d6 3. Bb5+ Bd7 4. Bxd7+ Qxd7 5. c4 Nf6 6. Nc3 g6 7. d4 cxd4 8. Nxd4 Bg7 9. f3 0-0 10. Be3 Rc8 11. b3 Nc6 12. 0-0 Qd8 13. Qd2 Qa5 14. Rfd1 a6 15. Nxc6 Rxc6 16. Rac1 Nd7 17. Nd5 Qxd2 18. Bxd2 Kf8 19. Bg5 Re8 20. Kf1 h6 21. Bh4 g5 22. Bf2 Rec8 23. Rb1 Be5 24. h4 e6 25. Nb4 R6c7 26. Nd3 Bf6 27. Bg3 Be7 28. hxg5 hxg5 29. a4 f6 30. Ke2 Kf7 31. a5 Nc5 32. Nc1 b6 33. Bxd6 Bxd6 34. Rxd6 bxa5 35. Nd3 Ke7 36. Rb6 Nxd3 37. Kxd3 a4 38. bxa4 Rxc4 39. Rxa6 Rc3+ 40. Ke2 Rc2+ 41. Kf1 R8c7 42. Kg1 Kf7 43. Rab6 g4 44. fxg4 R7c4 45. R6b4 R4c3 46. Rf1 Kg6 47. Rb6 Rg3 48. Rf2 Rxf2 49. Kxf2 Ra3 50. Rxe6 Rxa4 51. e5 Kg5 52. Rxf6 Kxg4 53. Rf3 Ra2+ 54. Ke3 Rxg2 55. e6 Ra2 56. e7 Ra3+ 57. Ke4 Ra4+ 58. Kd5 Ra5+ 59. Ke6 Ra6+ 60. Kf7 Kxf3 61. e8Q Ra5 62. Qc6+ Kg4 63. Qg2+ Kh5 64. Qe2+ Kh6 65. Qd2+ 1-0

[Event "Kiev-Lvov Region Rapid"]
[Site "Kiev"]
[Date "2021.09.14"]
[Round "2"]
[White "Vovk, Andrey"]
[Black "Baklan, Vladimir"]
[Result "1/2-1/2"]
[WhiteElo "2597"]
[BlackElo "2589"]
[PlyCount "58"]
[EventDate "2021.09.14"]
[EventType "team-match (rapid)"]
[EventRounds "4"]
[EventCountry "UKR"]
[SourceTitle "CBM 204 Extra"]
[Source "ChessBase"]
[SourceDate "2021.11.30"]
[SourceVersion "1"]
[SourceVersionDate "2021.11.30"]
[SourceQuality "1"]
[WhiteTeam "Lvov Region"]
[BlackTeam "Kiev Region"]
[WhiteTeamCountry "UKR"]
[BlackTeamCountry "UKR"]

1. e4 e6 2. d4 d5 3. Nd2 c5 4. exd5 exd5 5. Ngf3 Nc6 6. Bb5 Qe7+ 7. Qe2 Qxe2+ 8. Kxe2 a6 9. Bxc6+ bxc6 10. dxc5 Bxc5 11. Nb3 Bd6 12. Be3 a5 13. Nc5 Ne7 14. Na4 Rb8 15. b3 Ba6+ 16. Kd2 Bb5 17. Nc3 Nf5 18. Nxb5 Rxb5 19. Nd4 Nxd4 20. Bxd4 Kd7 21. g3 f6 22. Rhe1 a4 23. c4 Rb7 24. Bc3 axb3 25. axb3 Rhb8 26. cxd5 cxd5 27. Reb1 Be5 28. f4 Bd6 29. Kc2 Rc8 1/2-1/2

[Event "HUN-chT 1920"]
[Site "Hungary"]
[Date "2019.12.15"]
[Round "4.1"]
[White "Stevic, Hrvoje"]
[Black "Vovk, Andrey"]
[Result "1/2-1/2"]
[WhiteElo "2563"]
[BlackElo "2607"]
[PlyCount "148"]
[EventDate "2019.11.16"]
[EventType "team-tourn"]
[EventRounds "9"]
[EventCountry "HUN"]
[SourceTitle "CBM 193 Extra"]
[Source "ChessBase"]
[SourceDate "2020.01.31"]
[SourceVersion "1"]
[SourceVersionDate "2020.01.31"]
[SourceQuality "1"]
[WhiteTeam "Dunaharaszti"]
[BlackTeam "Kobanya Aquarena"]
[WhiteTeamCountry "HUN"]
[BlackTeamCountry "HUN"]

1. e4 c5 2. c3 Nf6 3. e5 Nd5 4. Nf3 Nc6 5. Bc4 Nb6 6. Bb3 d5 7. exd6 c4 8. Bc2 e5 9. 0-0 Bxd6 10. d3 cxd3 11. Qxd3 Be6 12. Rd1 Be7 13. Qe2 Qc7 14. Ng5 Bxg5 15. Bxg5 f6 16. Be3 Nd5 17. Na3 a6 18. Bb3 Nxe3 19. Qxe3 Bxb3 20. axb3 0-0 21. Qc5 Rfd8 22. Nc4 Rxd1+ 23. Rxd1 Rd8 24. Rxd8+ Qxd8 25. Nd6 Qd7 26. h3 g6 27. Ne4 Qd1+ 28. Kh2 Qxb3 29. Nxf6+ Kg7 30. Ne8+ Kg8 31. Nd6 h5 32. Nc4 Qd1 33. Nxe5 Nxe5 34. Qxe5 Qb3 35. Qe2 a5 36. Kg3 b5 37. Kh4 Kg7 38. Qe7+ Kh6 39. Qe5 Kh7 40. Kg5 Qxb2 41. Qc7+ Kg8 42. f4 b4 43. Qd8+ Kf7 44. Qd7+ Kf8 45. Kxg6 Qxg2+ 46. Kf6 Kg8 47. cxb4 axb4 48. Qf7+ Kh8 49. Qxh5+ Kg8 50. Qe8+ Kh7 51. Qh5+ Kg8 52. Qd5+ Kh8 53. Qd8+ Kh7 54. Qe7+ Kh6 55. Qf8+ Kh7 56. Qxb4 Qg7+ 57. Ke6 Qh6+ 58. Ke5 Qh5+ 59. Kf6 Qh4+ 60. Ke5 Qh5+ 61. f5 Qxh3 62. Qe7+ Kg8 63. Qd8+ Kf7 64. Qd5+ Kf8 65. Qd8+ Kf7 66. Qf6+ Ke8 67. Qg6+ Kf8 68. Qd6+ Kf7 69. Qd5+ Kf8 70. Ke6 Qe3+ 71. Qe5 Qxe5+ 72. Kxe5 Kf7 73. Kd4 Kf6 74. Kc3 Kxf5 1/2-1/2

[Event "FIDE Chess.com Grand Swiss"]
[Site "Douglas"]
[Date "2019.10.21"]
[Round "11"]
[White "Demchenko, Anton"]
[Black "Vovk, Andrey"]
[Result "1-0"]
[WhiteElo "2655"]
[BlackElo "2618"]
[PlyCount "63"]
[EventDate "2019.10.10"]
[EventType "swiss"]
[EventRounds "11"]
[EventCountry "IOM"]
[SourceTitle "CBM 193"]
[Source "ChessBase"]
[SourceDate "2019.12.31"]
[SourceVersion "1"]
[SourceVersionDate "2019.12.31"]
[SourceQuality "1"]

1. e4 c5 2. Nf3 Nc6 3. Bb5 g6 4. 0-0 Bg7 5. Re1 e5 6. Bxc6 bxc6 7. c3 d6 8. d4 cxd4 9. cxd4 exd4 10. Nxd4 Bb7 11. Nc3 Nf6 12. e5 dxe5 13. Rxe5+ Kf8 14. Bg5 h6 15. Bh4 Kg8 16. Nf3 g5 17. Bg3 Nd5 18. Nxd5 cxd5 19. Re1 d4 20. Be5 d3 21. Re3 Ba6 22. Qa4 Qb6 23. Rd1 Rc8 24. h4 Qc6 25. Qg4 h5 26. Qf5 g4 27. Ng5 Qb7 28. Bxg7 Kxg7 29. Re6 Bc4 30. Qf6+ Kg8 31. Nxf7 Bxe6 32. Qxh8+ 1-0

[Event "FIDE Chess.com Grand Swiss"]
[Site "Douglas"]
[Date "2019.10.20"]
[Round "10"]
[White "Sarana, Alexey"]
[Black "Vovk, Andrey"]
[Result "1-0"]
[WhiteElo "2655"]
[BlackElo "2618"]
[PlyCount "73"]
[EventDate "2019.10.10"]
[EventType "swiss"]
[EventRounds "11"]
[EventCountry "IOM"]
[SourceTitle "CBM 193"]
[Source "ChessBase"]
[SourceDate "2019.12.31"]
[SourceVersion "1"]
[SourceVersionDate "2019.12.31"]
[SourceQuality "1"]

1. e4 c5 2. Nf3 Nc6 3. d4 cxd4 4. Nxd4 Nf6 5. Nc3 d6 6. Bg5 e6 7. Qd3 a6 8. Nxc6 bxc6 9. 0-0-0 Be7 10. Qg3 e5 11. Bc4 h6 12. Bd2 g5 13. h4 g4 14. f4 gxf3 15. gxf3 Rg8 16. Qf2 Bf8 17. Be3 Be6 18. Qe2 Qc8 19. Bxe6 Qxe6 20. f4 exf4 21. Bxf4 Nd7 22. Rhf1 a5 23. Qd2 Rg6 24. h5 Rf6 25. Rg1 Ne5 26. Rg8 Nc4 27. Qh2 a4 28. Qg3 a3 29. b3 Ne5 30. Ne2 Nd7 31. Nd4 Qxe4 32. Re1 Rxf4 33. Rxe4+ Rxe4 34. Qxd6 Rc8 35. Nf5 f6 36. Rh8 Rd8 37. Rxf8+ 1-0

[Event "FIDE Chess.com Grand Swiss"]
[Site "Douglas"]
[Date "2019.10.14"]
[Round "5"]
[White "Vovk, Andrey"]
[Black "Ushenina, Anna"]
[Result "1-0"]
[WhiteElo "2618"]
[BlackElo "2431"]
[PlyCount "85"]
[EventDate "2019.10.10"]
[EventType "swiss"]
[EventRounds "11"]
[EventCountry "IOM"]
[SourceTitle "CBM 193"]
[Source "ChessBase"]
[SourceDate "2019.12.31"]
[SourceVersion "1"]
[SourceVersionDate "2019.12.31"]
[SourceQuality "1"]

1. e4 e5 2. Nf3 Nf6 3. Nxe5 d6 4. Nf3 Nxe4 5. Nc3 Nxc3 6. dxc3 Be7 7. Be3 Nc6 8. Qd2 Bf5 9. 0-0-0 Qd7 10. Bc4 Bf6 11. Bg5 0-0-0 12. Bxf6 gxf6 13. Nd4 Ne5 14. Be2 Rhg8 15. f4 Nc6 16. Nxf5 Qxf5 17. g3 d5 18. Bf3 Rd6 19. Rhe1 Rgd8 20. Qf2 Kb8 21. Rd3 a6 22. b3 Qd7 23. a3 Ne7 24. Qe2 Ng8 25. Red1 Ne7 26. Bg2 c6 27. Qh5 Ng6 28. c4 Qc7 29. cxd5 Qa5 30. Kb2 Rc8 31. b4 Qb5 32. c4 Qxc4 33. Rc3 Qb5 34. Rc5 Qb6 35. dxc6 Rxd1 36. Qxd1 Ka7 37. Qd7 Rc7 38. Qd8 bxc6 39. Bxc6 Qb8 40. Qd4 Qb6 41. a4 Rxc6 42. Qd7+ Qb7 43. Qxc6 1-0

[Event "FIDE Chess.com Grand Swiss"]
[Site "Douglas"]
[Date "2019.10.13"]
[Round "4"]
[White "Ragger, Markus"]
[Black "Vovk, Andrey"]
[Result "1-0"]
[WhiteElo "2684"]
[BlackElo "2618"]
[PlyCount "83"]
[EventDate "2019.10.10"]
[EventType "swiss"]
[EventRounds "11"]
[EventCountry "IOM"]
[SourceTitle "CBM 193"]
[Source "ChessBase"]
[SourceDate "2019.12.31"]
[SourceVersion "1"]
[SourceVersionDate "2019.12.31"]
[SourceQuality "1"]

1. d4 Nf6 2. c4 e6 3. Nf3 b6 4. g3 Bb7 5. Bg2 Be7 6. 0-0 0-0 7. Re1 d5 8. cxd5 exd5 9. Nc3 Ne4 10. Nd2 f5 11. Ndxe4 dxe4 12. Bf4 a6 13. h4 Bd6 14. Bxd6 Qxd6 15. e3 Nd7 16. Rc1 Nf6 17. Bf1 g6 18. Ne2 Nd5 19. Nf4 Nxf4 20. gxf4 Kg7 21. Kg2 h6 22. Bc4 Qe7 23. Kh3 g5 24. Rg1 g4+ 25. Kg3 Rac8 26. Qb3 Rf6 27. Rgd1 Kg6 28. Bd5 c6 29. Bc4 b5 30. Be2 Rd8 31. Rc5 Rd5 32. Qc3 Rfd6 33. b4 Qd8 34. Rc1 Qf6 35. Rh1 Kh5 36. Bd1 Rxc5 37. Qxc5 Rd5 38. Qa7 Rd7 39. Bb3 Qe7 40. Qb8 Kg6 41. h5+ Kf6 42. Qg8 1-0

[Event "FIDE Chess.com Grand Swiss"]
[Site "Douglas"]
[Date "2019.10.11"]
[Round "2"]
[White "Inarkiev, Ernesto"]
[Black "Vovk, Andrey"]
[Result "0-1"]
[WhiteElo "2693"]
[BlackElo "2618"]
[PlyCount "112"]
[EventDate "2019.10.10"]
[EventType "swiss"]
[EventRounds "11"]
[EventCountry "IOM"]
[SourceTitle "CBM 193"]
[Source "ChessBase"]
[SourceDate "2019.12.31"]
[SourceVersion "1"]
[SourceVersionDate "2019.12.31"]
[SourceQuality "1"]

1. d4 Nf6 2. c4 e6 3. Nf3 b6 4. g3 Bb7 5. Bg2 Be7 6. Nc3 Ne4 7. Bd2 0-0 8. d5 Nxd2 9. Qxd2 a5 10. 0-0 Na6 11. e4 Nc5 12. Rfe1 d6 13. e5 dxe5 14. Nxe5 f6 15. Ng4 e5 16. f4 exf4 17. gxf4 Bd6 18. f5 Qd7 19. Qc2 Rae8 20. Re6 Nxe6 21. fxe6 Qe7 22. Ne4 f5 23. Nxd6 Qxd6 24. Nf2 Rf6 25. Re1 Qf4 26. Qc3 Rg6 27. Re3 c6 28. Qe5 Qxe5 29. Rxe5 cxd5 30. cxd5 Rxg2+ 31. Kxg2 Rxe6 32. Rxf5 Rd6 33. Re5 Bxd5+ 34. Kg3 Bxa2 35. Re8+ Kf7 36. Rb8 Bd5 37. Nd3 g5 38. h4 gxh4+ 39. Kxh4 Kf6 40. Kg3 Kf5 41. Re8 Bc4 42. Nf2 Rg6+ 43. Kh4 Re6 44. Rc8 b5 45. Ng4 a4 46. Kg3 Rg6 47. Rf8+ Ke4 48. Kh4 Be6 49. Nf2+ Kd4 50. Nd1 Kc4 51. Nc3 Rg4+ 52. Kh5 Rd4 53. Kh6 Bd7 54. Ra8 Kb3 55. Rd8 b4 56. Ne2 Rd6+ 0-1

[Event "HUN-chT 1819"]
[Site "Hungary"]
[Date "2018.11.18"]
[Round "2.4"]
[White "Vovk, Andrey"]
[Black "Babula, Vlastimil"]
[Result "1/2-1/2"]
[WhiteElo "2624"]
[BlackElo "2538"]
[PlyCount "58"]
[EventDate "2018.11.17"]
[EventType "team-tourn"]
[EventRounds "9"]
[EventCountry "HUN"]
[SourceTitle "CBM 187 Extra"]
[Source "ChessBase"]
[SourceDate "2018.11.04"]
[SourceVersion "1"]
[SourceVersionDate "2018.11.04"]
[SourceQuality "1"]
[WhiteTeam "Kobanya Aquarena"]
[BlackTeam "HVSE Infraplan"]
[WhiteTeamCountry "HUN"]
[BlackTeamCountry "HUN"]

1. e4 c5 2. Nf3 e6 3. d4 cxd4 4. Nxd4 a6 5. Bd3 Bc5 6. Nb3 Ba7 7. Qe2 Nc6 8. Be3 Bxe3 9. Qxe3 Nf6 10. Nc3 d6 11. 0-0-0 b5 12. Be2 0-0 13. g4 b4 14. g5 Ne8 15. Na4 Rb8 16. f4 Qc7 17. Rd2 e5 18. Rhd1 exf4 19. Qxf4 Ne5 20. Nd4 Bd7 21. b3 Bxa4 22. bxa4 d5 23. Qg3 dxe4 24. Nb3 f5 25. gxf6 Nxf6 26. Bxa6 Qa7 27. Rd6 Nf3 28. Kb1 Kh8 29. a5 Qe3 1/2-1/2

[Event "HUN-chT 1819"]
[Site "Hungary"]
[Date "2018.11.17"]
[Round "1.3"]
[White "Balog, Imre1111"]
[Black "Vovk, Andrey"]
[Result "1-0"]
[WhiteElo "2559"]
[BlackElo "2624"]
[PlyCount "107"]
[EventDate "2018.11.17"]
[EventType "team-tourn"]
[EventRounds "9"]
[EventCountry "HUN"]
[SourceTitle "CBM 187 Extra"]
[Source "ChessBase"]
[SourceDate "2018.11.04"]
[SourceVersion "1"]
[SourceVersionDate "2018.11.04"]
[SourceQuality "1"]
[WhiteTeam "Penzugyor"]
[BlackTeam "Kobanya Aquarena"]
[WhiteTeamCountry "HUN"]
[BlackTeamCountry "HUN"]

1. e4 c5 2. Nf3 Nc6 3. Bb5 g6 4. 0-0 Bg7 5. Re1 e5 6. a3 Nge7 7. b4 cxb4 8. axb4 Nxb4 9. Ba3 Nbc6 10. Bd6 0-0 11. Nc3 b6 12. Nd5 Nxd5 13. Bxf8 Qxf8 14. exd5 Qc5 15. c4 Nd4 16. Nxd4 Qxd4 17. Qa4 Bf8 18. d3 Bc5 19. Bxd7 Bxd7 20. Qxd7 a5 21. Kh1 Rf8 22. Rad1 f6 23. f3 Rf7 24. Qe6 Kg7 25. Re4 Qb2 26. f4 Qc2 27. Ree1 exf4 28. d4 Bb4 29. Rc1 Qf2 30. Rf1 Qxd4 31. Rcd1 Qe3 32. Qc6 Qc5 33. Rxf4 Qd6 34. Re4 Rc7 35. Qa8 Rd7 36. Re8 Qf4 37. Qc8 Qc7 38. Rg8+ Kh6 39. Qe8 Bc5 40. Qe6 f5 41. Re8 Qd6 42. Qe1 Qf4 43. Rd3 Qxc4 44. Rh3+ Kg5 45. Qd2+ f4 46. Qe1 Qd4 47. Qh4+ Kf5 48. Re1 Qf2 49. g4+ fxg3 50. Qe4+ Kg5 51. Qe5+ Qf5 52. Qxg3+ Kf6 53. Qc3+ Kg5 54. Re5 1-0

[Event "UKR-ch 86th"]
[Site "Zhitomir"]
[Date "2017.12.15"]
[Round "9"]
[White "Shevchenko, Kirill"]
[Black "Vovk, Andrey"]
[Result "1/2-1/2"]
[WhiteElo "2547"]
[BlackElo "2634"]
[PlyCount "54"]
[EventDate "2017.12.06"]
[EventType "tourn"]
[EventRounds "11"]
[EventCountry "UKR"]
[EventCategory "11"]
[SourceTitle "CBM 182"]
[Source "ChessBase"]
[SourceDate "2018.01.17"]
[SourceVersion "1"]
[SourceVersionDate "2018.01.17"]
[SourceQuality "1"]

1. d4 Nf6 2. c4 g6 3. Nc3 Bg7 4. e4 d6 5. Nf3 0-0 6. h3 Na6 7. Be3 c5 8. Bd3 cxd4 9. Nxd4 Nc5 10. Bc2 b6 11. b4 Ne6 12. Nd5 Nxd4 13. Bxd4 Nxd5 14. cxd5 Bxd4 15. Qxd4 Bd7 16. 0-0 a5 17. Bd3 axb4 18. Rfb1 Ra4 19. Rxb4 Rxb4 20. Qxb4 Qc7 21. Rb1 Rb8 22. h4 f6 23. Qb2 Qa7 24. Rc1 Kf8 25. Qd2 Kg7 26. Bb1 b5 27. Rc3 Rc8 1/2-1/2

[Event "UKR-ch 86th"]
[Site "Zhitomir"]
[Date "2017.12.09"]
[Round "4"]
[White "Onischuk, Vladimir"]
[Black "Vovk, Andrey"]
[Result "1-0"]
[WhiteElo "2637"]
[BlackElo "2634"]
[PlyCount "177"]
[EventDate "2017.12.06"]
[EventType "tourn"]
[EventRounds "11"]
[EventCountry "UKR"]
[EventCategory "11"]
[SourceTitle "CBM 182"]
[Source "ChessBase"]
[SourceDate "2018.01.17"]
[SourceVersion "1"]
[SourceVersionDate "2018.01.17"]
[SourceQuality "1"]

1. Nf3 Nf6 2. g3 g6 3. Bg2 Bg7 4. 0-0 0-0 5. d3 c5 6. c4 Nc6 7. Nc3 a6 8. d4 cxd4 9. Nxd4 Nxd4 10. Qxd4 d6 11. Qh4 Rb8 12. Bg5 Be6 13. Rfd1 Qb6 14. Na4 Qa5 15. b3 b5 16. Bd2 Qd8 17. cxb5 axb5 18. Nc3 b4 19. Na4 Qa5 20. Rac1 Rb5 21. Qd4 Ng4 22. Qd3 Rh5 23. h4 Qa7 24. Be1 Rb8 25. e3 g5 26. hxg5 Rxg5 27. Qc2 Ra5 28. Qc7 Bf6 29. Qxa7 Rxa7 30. Bd5 Bxd5 31. Rxd5 Rab7 32. Kf1 Be5 33. Ra5 Kg7 34. Ke2 Bf6 35. f3 Ne5 36. f4 Nd7 37. Bf2 e6 38. e4 Bd8 39. Ra6 Be7 40. Kf3 Kg8 41. Nb2 Nf6 42. Nd3 d5 43. e5 Ne4 44. Bd4 Bf8 45. g4 Re8 46. Rc2 Rbb8 47. Rac6 Ra8 48. Nf2 Nxf2 49. Bxf2 Bg7 50. Bh4 h6 51. Ke2 Ra5 52. Be1 Rb5 53. Rc8 Rxc8 54. Rxc8+ Kh7 55. Rc7 Kg6 56. Kd3 Rb6 57. Ra7 Rb8 58. Bd2 h5 59. gxh5+ Kxh5 60. Rxf7 Kg6 61. Ra7 Bf8 62. Rc7 Ra8 63. Rc2 Be7 64. Be3 Rh8 65. Rc7 Bf8 66. Rc8 Kf7 67. Ke2 Rh2+ 68. Kf3 Rh3+ 69. Kf2 Be7 70. Rc7 Ke8 71. f5 exf5 72. e6 Bd6 73. Rd7 f4 74. Bd4 Be7 75. Rb7 Bh4+ 76. Kg2 Rg3+ 77. Kf1 Rg6 78. Rb6 f3 79. Bc5 Bd8 80. Ra6 d4 81. Bxd4 Rg2 82. Ra8 Ke7 83. Bc5+ Kxe6 84. Rxd8 Ke5 85. Bf2 Rg6 86. Rd3 Ra6 87. Rxf3 Rxa2 88. Be1 Ke4 89. Rh3 1-0

[Event "UKR-ch 86th"]
[Site "Zhitomir"]
[Date "2017.12.07"]
[Round "2"]
[White "Oleksienko, Mikhailo"]
[Black "Vovk, Andrey"]
[Result "1/2-1/2"]
[WhiteElo "2615"]
[BlackElo "2634"]
[PlyCount "51"]
[EventDate "2017.12.06"]
[EventType "tourn"]
[EventRounds "11"]
[EventCountry "UKR"]
[EventCategory "11"]
[SourceTitle "CBM 182"]
[Source "ChessBase"]
[SourceDate "2018.01.17"]
[SourceVersion "1"]
[SourceVersionDate "2018.01.17"]
[SourceQuality "1"]

1. e4 c5 2. Nf3 d6 3. d4 Nf6 4. Nc3 cxd4 5. Nxd4 Nc6 6. f3 e5 7. Nb3 Be7 8. Be3 Be6 9. Qe2 0-0 10. 0-0-0 Qc8 11. g4 a5 12. g5 Ne8 13. Na4 Qc7 14. Kb1 b5 15. Qxb5 Nb4 16. c3 Bd7 17. Qb6 Bxa4 18. cxb4 Qxb6 19. Bxb6 axb4 20. Rg1 Rb8 21. Ba7 Rc8 22. Bh3 Ra8 23. Be3 Nc7 24. Rc1 Ne6 25. Nd2 Bb5 26. Bf1 1/2-1/2

[Event "Oslo op"]
[Site "Fornebu"]
[Date "2017.10.03"]
[Round "6"]
[White "Maze, Sebastien"]
[Black "Vovk, Andrey"]
[Result "0-1"]
[WhiteElo "2614"]
[BlackElo "2622"]
[PlyCount "58"]
[EventDate "2017.09.29"]
[EventType "swiss"]
[EventRounds "10"]
[EventCountry "NOR"]
[SourceTitle "CBM 181 Extra"]
[Source "ChessBase"]
[SourceDate "2017.12.12"]
[SourceVersion "1"]
[SourceVersionDate "2017.12.12"]
[SourceQuality "1"]

1. e4 c5 2. Nf3 d6 3. Bb5+ Nd7 4. c3 Ngf6 5. Qe2 a6 6. Ba4 e6 7. Bc2 b5 8. d4 Bb7 9. Nbd2 Be7 10. 0-0 0-0 11. e5 Nd5 12. Ne4 dxe5 13. dxe5 Qc7 14. Neg5 g6 15. Re1 h6 16. Nh3 Kg7 17. Nf4 Rad8 18. a4 Nxf4 19. Bxf4 Qc6 20. h3 Nb6 21. axb5 axb5 22. Qe3 g5 23. Bg3 Nc4 24. Qc1 Nd2 25. Bd1 Rd7 26. c4 Nxc4 27. Ra7 Rfd8 28. h4 Nxb2 29. Bc2 Nd3 0-1

[Event "Oslo op"]
[Site "Fornebu"]
[Date "2017.10.02"]
[Round "5"]
[White "Vovk, Andrey"]
[Black "Li, Di"]
[Result "1-0"]
[WhiteElo "2622"]
[BlackElo "2459"]
[PlyCount "99"]
[EventDate "2017.09.29"]
[EventType "swiss"]
[EventRounds "10"]
[EventCountry "NOR"]
[SourceTitle "CBM 181 Extra"]
[Source "ChessBase"]
[SourceDate "2017.12.12"]
[SourceVersion "1"]
[SourceVersionDate "2017.12.12"]
[SourceQuality "1"]

1. e4 e5 2. Nf3 Nf6 3. Nxe5 d6 4. Nf3 Nxe4 5. d4 d5 6. Bd3 Be7 7. 0-0 0-0 8. c4 Nf6 9. h3 Nc6 10. Nc3 Nb4 11. Be2 dxc4 12. Bxc4 c6 13. a3 Nbd5 14. Re1 Be6 15. Bd3 h6 16. Ne5 Re8 17. Na4 Qc7 18. b4 Rad8 19. Qf3 Nb6 20. Nc5 Bd5 21. Qg3 Nh5 22. Qg4 Nf6 23. Qf5 Bxc5 24. bxc5 Nbd7 25. Bxh6 gxh6 26. Nxd7 Qxd7 27. Qxf6 Rxe1+ 28. Rxe1 Re8 29. Rxe8+ Qxe8 30. Qxh6 Qe1+ 31. Kh2 Qxf2 32. Bh7+ Kh8 33. Be4+ Kg8 34. Qh7+ Kf8 35. Qh8+ Ke7 36. Qe5+ Kf8 37. Bxd5 cxd5 38. Qb8+ Ke7 39. Qxb7+ Kf6 40. Qxd5 Qf4+ 41. Kg1 Qe3+ 42. Kf1 Kg6 43. Qd6+ f6 44. c6 Qc1+ 45. Kf2 a5 46. c7 a4 47. Kg3 Qe3+ 48. Kh2 Qc1 49. d5 Kh5 50. Qg3 1-0